<L'> innovation frugale comment faire mieux avec moins
Gespeichert in:
| 1. Verfasser: | |
|---|---|
| Weitere Verfasser: | |
| Format: | Buch |
| Sprache: | Französisch |
| Veröffentlicht: |
Paris
Diateino
2015
|
| Schlagworte: | |
| Tags: |
Keine Tags, Fügen Sie das erste Tag hinzu!
|
MARC
| LEADER | 00000nam a2200000 4500 | ||
|---|---|---|---|
| 001 | 0210120 | ||
| 005 | 20221207093546.7 | ||
| 020 | |a 978-2-35456-176-5 | ||
| 041 | 0 | |a fre | |
| 044 | |a FR | ||
| 245 | 1 | 0 | |a <L'> innovation frugale |b comment faire mieux avec moins |c Navi Radjou & Jaideep Prabhu |
| 264 | 1 | |a Paris |b Diateino |c 2015 | |
| 300 | |a 377 s. | ||
| 610 | 2 | 0 | |a inovácia |
| 610 | 2 | 0 | |a stratégia inovačná |
| 610 | 2 | 0 | |a stratégia podniková |
| 610 | 2 | 0 | |a modely |
| 610 | 2 | 0 | |a manažéri |
| 610 | 2 | 0 | |a manažment inovačný |
| 610 | 2 | 0 | |a produkcia |
| 610 | 2 | 0 | |a logistika |
| 610 | 2 | 0 | |a služby |
| 610 | 2 | 0 | |a cykly hospodárske |
| 610 | 2 | 0 | |a klienti |
| 610 | 2 | 0 | |a spotreba |
| 610 | 2 | 0 | |a hodnota |
| 610 | 2 | 0 | |a modely ekonomické |
| 100 | 1 | |a Radjou, Navi | |
| 700 | 1 | |a Prabhu, Jaideep | |